| 000 | 00708nam a22002297a 4500 | ||
|---|---|---|---|
| 005 | 20170124110020.0 | ||
| 010 | _aA-260793 | ||
| 020 | _c00.00 | ||
| 035 | _aA-260793 | ||
| 037 | _bCen Lib/ Ret | ||
| 040 |
_aDPL _bEN |
||
| 082 |
_a372.954 _bNAY |
||
| 100 |
_aS. Nayana Tara _989759 |
||
| 245 |
_aEducation in a rural environment / _cby S. Nayana Tara |
||
| 260 |
_aNew Delhi _bAshish Publishing House _c1985 |
||
| 270 |
_a 8/18. Panjabi Bagh _bNew Delhi _e110026 |
||
| 300 |
_axii,143p. : _c21cm(Hb) _bill. |
||
| 500 | _aIncludes bibliographical references and index. | ||
| 650 |
_aEducation, Primary _98477 |
||
| 650 |
_aEducation, Rural _989760 |
||
| 942 |
_2ddc _cEN _h372.954 _mNAY |
||
| 999 |
_c127111 _d127111 |
||